Quizzes
Events
Quiz Creation
Community
Videos
Private Events
Remove Ads
Sign In
Join for FREE
Feedback
Dark Mode
Quiz Categories
Sports
Geography
Music
Movies
Television
Just For Fun
Miscellaneous
History
Literature
Language
Science
Gaming
Entertainment
Religion
Holiday
For Kids
Quiz Lab
Recent
Popular Today
Quiz Kudos Today
Editor Picks
Curator Picks
Quizzes by...
Day
Popularity
Type
Ratings
Length
Year
Community
Subscriptions
Recent Discussions
Orange Saloon
Badges
Playlists
Quests
Create
Leaderboards
Showdown
Live 5
Trivia Bingo
Activity
Puzzle Library
Sporcle Events
Private Events
Virtual Trivia
Globe League
Become a Host
Pub Owners
SporcleCon
Opinionation
Our Games
Videos
Blog
Mobile Apps
Partnerships
Remove Ads and Go Orange
Feedback
Miscellaneous
Crossword
General Knowledge
Baby Names
Logo
Food
Cars
Numbers
Grab Bag
University
College
Popular
Company
Slogans
Restaurants
Justice
Letter
Miscellaneous
Crossword
General Knowledge
Baby Names
Logo
Food
Cars
Numbers
Grab Bag
University
College
Popular
Company
Slogans
Restaurants
Justice
Letter
Random Quiz
Search Sporcle
×
Quiz Lab
Quiz Lab
Miscellaneous
limit
Type in answers that appear in a list
Type in answers that appear in a list
Classic
Best Score? Go Orange.
Limits 2 Stats
Can you name the Limits 2?
By
vince013
10m
21 Questions
23 Plays
23 Plays
23 Plays
Comments
Comments
Give Quiz Kudos
Give Quiz Kudos
-
- Ratings
hide this ad
Replay
Link that replays current quiz
Next Quiz
Link to next quiz in quiz playlist
You Got
0%
They Got
Avg Score
85%
Avg Friend Score
Upgrade to see
Score Distribution
Jump to the score distribution portion of the page
Score
0/21
Timer
10:00
0
Plays Today
Text
% Correct
_
_
deg Max Bank angle w/
Primary servo illuminated
30
95.7%
Max forward touchdown a/
s on level terrain: _
_
kts GS
60
91.3%
[Transmission] Oil Pressure should remain steady and should be in the _
_
to _
_
psi range
45, 60
87%
At ambient temps of _
C and below, _
consecutive start cycles may be made followed by a _
min rest period followed by _
more consecutive start cycles. A _
min rest is then required
15, 2, 3, 2, 30
87%
At ambient temperatures above _
_
up to _
_
C, _
_
consecutive start cycles may be made. A _
_
minute rest period is then required before any additional starts cycles.
15, 52, 2, 30
87%
Slope limits -
_
_
deg Nose Up/
Left/
Right, decreased by _
_
for every _
_
knots of wind. _
_
deg Nose down
15, 2, 5, 6
87%
Landing gear limits -
< or = 16825: _
_
level, _
_
slope; >16825: _
_
level, _
_
slope
540, 360, 300, 180
87%
Do not test windshield anti-
ice above _
_
deg C
27
87%
APU: >_
_
deg w/
rotor operating: _
_
. continuous < _
_
deg and no rotor
43, 30, 51
87%
Prohibited maneuvers: hovering turns >_
_
deg/
sec, pitch >+/
-
_
_
deg, roll >_
_
deg, _
_
_
ground taxi, throttle chop
30, 30, 60, rearward
87%
Hyd/
SAS inop A/
S: _
_
w/
1 inop, _
_
w/
2 inop, _
_
w/
2 inop in IMC
170, 150, 140
87%
Text
% Correct
_
_
max a/
s w/
one engine inop
130
87%
_
_
max a/
s with gunner's window open, _
_
w/
cabin door open, _
_
w/
cabin door and soundproofing secured
170, 100, 145
87%
Max capacity for storage compartments: _
_
125
87%
The 4 cabin ceiling tiedown fittings have a limited load capability of _
_
pounds
4,000
87%
Cargo hook capacity: _
_
9,000
87%
Max auto a/
s < or = 16825:_
_
; >16825: _
_
150, 130
87%
Hovering in winds from side/
rear >_
_
kts (_
_
kts w/
ERFS)
45, 35
87%
The minimum ground-
air source required to start the helicopter engines is _
_
psig and _
_
ppm at _
_
C. The maximum is _
_
psig at _
_
C.
40, 30, 149, 50, 249
82.6%
Max weight: _
_
, w/
7 lug wheels:_
_
, external lift mission:_
_
, ESSS on ferry: _
_
22,000, 20,500, 23,500, 24,500
82.6%
During nose up-
slope at _
_
deg, a xmsn oil pressure of _
_
to _
_
is normal; at _
_
deg _
_
to _
_
is normal
10, 30, 35, 15, 10, 15
43.5%
Quiz Playlist
Details
Report
Send in Message
Add To Playlist
Classic:
Type in answers that appear in a list
Last Updated: Feb 16, 2017
Quiz Scoreboard
CHALLENGE
Sign Up to Join the Scoreboard
Show All
Scores
Hide
Comments
May contain spoilers
Recently Published
Presidents Visiting Landmarks
by Hejman
History
7m
An Introduction to Baseball
by treessimontrees
Sports
5m
Movies - When Are They Set?
by FPL_Elf
Movies
5m
More to Explore
Quiz From the Vault
Featured Blog Post
Where Did the Easter Bunny Come From?
hide this ad
You Might Also Like...
Tags
limit
Text
Today's Top Quizzes in Miscellaneous
Browse Miscellaneous
hide this ad
Today's Top Quizzes in limit
Browse limit
Top Contributed Quizzes in Miscellaneous
1
5-to-1: Fast Food
2
The JOE quick-fire general knowledge quiz: Day 174
3
The JOE quick-fire general knowledge quiz: Day 173
4
The JOE quick-fire general knowledge quiz: Day 172
5
5-to-1: Cocktails
6
One Thing in Common: United Kingdom II
7
Sunday Crossword: Famous Bodies of Water
8
The JOE quick-fire general knowledge quiz: Day 171
9
Named After an Animal - Odd One Out!
10
The JOE quick-fire quiz: Day 170
Explore More
Trending Topics
Kpop
Disney
Crossword
Marvel
Harry Potter
NBA
Anime
Country
Song
Pokémon
NFL
The Office
WWE
Puzzle
Soccer
hide this ad
More By:
vince013
Quiz
Plays
Rating
Category
Featured
Created
Limits 2
23
3.00
Miscellaneous
May 22, 2010
M Limits
10
Miscellaneous
Aug 15, 2012
M Limits 2
6
Miscellaneous
Aug 15, 2012
Go to Creator's Profile
Score Distribution
Quiz Creator Spotlight
vince013
Follow
Send a Message
Quizzes Created
-
Created Quiz Play Count
-
More By This Creator
Popular Quizzes Today
1
Find the US States - No Outlines Minefield
2
Find the Countries of Europe - No Outlines Minefield
3
The Countries of the World
4
Find the US States
5
Popular People in 1961
6
US States
7
Risky Map Clicking: Biggest States A-Z
8
1-10 Letter E Words III
More Miscellaneous Quizzes
Sunday Crossword: Try Your Luck
Editor's Pick
Trending Quizzes
Risky Map Clicking: Least Populous States A-Z
1-10 Letter G Words
1-10 Letter F Words
One Thing in Common: United Kingdom
Risky Map Clicking: Next State Alphabetically
Recently Updated
Leaping Animals
pecheneg
Reality TV Shows (A-Z)
bhenderson79
Rickey Henderson's Hall of Fame Teammates
pecheneg
Champions League XIs: Arsenal
pecheneg
Quick Pick: Celebrities in WWE's Hall of Fame
aduchscher
A-Z Keypad Blitz II
pecheneg
Multiple Oscar Actors
pecheneg
Mystery Phrase Blitz: Oscar 'Best Actors'
pecheneg
F. Scott Fitzgerald Novels
LTH
Pick 3 Villains
ddd62291
Trending Topics
Disney
Kpop
Anime
Harry Potter
Crossword
Marvel
NBA
The Office
Country
WWE
Puzzle
Song
Soccer
Pokémon
NFL
Your Account Isn't Verified!
In order to create a playlist on Sporcle, you need to verify the email address you used during registration. Go to your
Sporcle Settings
to finish the process.
Report this User
Report this user for behavior that violates our
Community Guidelines
.
Details:
Send Report
Go to the Sporcle.com Mobile Site →
Comments